50 años de arquitectura metálica en Chile 1920-1970
| Main Author: | |
|---|---|
| Format: | Section = Libro |
| Language: | Undetermined Spanish |
| Published: |
Chile
De Arquitectura y Urbanismo Universidad de Chile
1971
|
| Subjects: |
| LEADER | 00498nam a2200169Ia 4500 | ||
|---|---|---|---|
| 008 | 240829s9999 xx 000 0 und d | ||
| 040 | |a BIBLIOTECA-RUSB/ 720.983 P175 | ||
| 041 | |a spa | ||
| 082 | |a 720.983 P175 | ||
| 100 | 1 | |a Palmer Irias, Montserrat | |
| 245 | 1 | 0 | |a 50 años de arquitectura metálica en Chile 1920-1970 |
| 260 | |a Chile |b De Arquitectura y Urbanismo Universidad de Chile |c 1971 | ||
| 300 | |a p. irreg. :il. | ||
| 650 | 7 | |a ARQUITECTURA-CHILE | |
| 942 | |c BK |2 ddc | ||
| 991 | |a TEXTO | ||
| 999 | |c 5089 | ||